000 00585nam a2200217Ia 4500
005 20251020182613.0
008 200515s9999 xx 000 0 und d
082 _aSC/69.032:711(094.7)/1995
100 _aRODRIGUEZ ARDILES, Ricardo
245 0 _aReglamento Único de 1501
260 _aLima
260 _bCAPECO
260 _c1980
300 _a47
520 _aReglamento de metrados para obras de habilitación urbana : D.S. No 028-79-VC 27-09-79
650 _aHABILITACION URBANA
650 _aMETRADOS
650 _aPUB CAPECO
650 _aREGLAMENTOS
942 _cLIB
999 _c3404
_d3404